Ovečka v pršiplášti

Bibliographic Details
Main Author: Matláková, Zlata, 1949- (Author)
Other Authors: Hološka, Ľudovít, 1943- (Illustrator)
Format: Book
Language:Slovak
PhysicalDescription:127 strán ilustrácie 19 cm
Published: Bratislava Vydavateľstvo Spolku slovenských spisovateľov 2024
ISBN:9788082022653
Edition:Prvé vydanie
Subjects:

MARC

LEADER 00000cam a2200000 4500
001 vtls012276630
003 SK-MaSNL
005 20260301110208.0
008 250520s2024 xo a gr 000 j slo
015 |a SNBA2025 
020 |a 9788082022653  |q (viazané) 
040 |a SNK  |b slo  |c SNK  |e rda 
041 0 |a slo 
044 |a xo  |c SK 
072 7 |a 821.162.4-3  |x Slovenská próza  |2 konspekt 
080 |a 821.162.4-32  |2 2011 
100 1 |a Matláková, Zlata,  |d 1949-  |4 aut  |9 111671 
245 1 0 |a Ovečka v pršiplášti  |c Zlata Matláková ; ilustrácie: Ľudovít Hološka 
250 |a Prvé vydanie 
264 1 |a Bratislava  |b Vydavateľstvo Spolku slovenských spisovateľov  |c 2024 
300 |a 127 strán  |b ilustrácie  |c 19 cm 
336 |a text  |b txt  |2 rdacontent 
336 |a statický obraz  |b sti  |2 rdacontent 
337 |a bez média  |b n  |2 rdamedia 
338 |a zväzok  |b nc  |2 rdacarrier 
655 7 |a slovenské poviedky  |2 SNKPH  |9 70226 
655 7 |a Slovak stories  |2 SNKPHeng  |9 277112 
700 1 |a Hološka, Ľudovít,  |d 1943-  |4 ill  |9 105345 
852 |a Slovenská národná knižnica 
919 |a 978-80-8202-265-3 
954 |a beletria pôvodná (slovenská)  |2 lita 
958 |a LX 
999 |c 702620  |d 704550 
952 |a SNK  |b SNK  |y PREZ  |7 0  |p 17A1574327  |o snkSD 93318  |i snk2025/8057  |8 0  |0 0  |1 0  |4 0  |d 2025-05-20  |l 0  |r 2026-02-23 21:03:53  |w 2026-02-23 
952 |a SNK  |b SNK  |y PREZ  |7 0  |p 17A1574328  |o snkSD 93318 D1  |i snk2025/8058  |8 0  |0 0  |1 0  |4 0  |d 2025-05-20  |l 0  |r 2026-02-23 21:03:53  |w 2026-02-23